[Event "Bialystok Zamenhof Memorial 43rd"]
[Site "Bialystok"]
[Date "2024.12.27"]
[Round "2"]
[White "Szostko, Jakub"]
[Black "Dalkowski, Rafal"]
[Result "1/2-1/2"]
[WhiteElo "2220"]
[BlackElo "2102"]
[PlyCount "73"]
[EventDate "2024.12.27"]
[EventType "swiss"]
[EventRounds "9"]
[EventCountry "POL"]
[SourceTitle "CB02_2025"]
[SourceDate "2025.01.08"]
[SourceVersion "1"]
[SourceVersionDate "2025.01.08"]
[SourceQuality "1"]

1. e4 c6 2. Nc3 d5 3. Nf3 Bg4 4. h3 Bxf3 5. Qxf3 e6 6. Be2 Nf6 7. 0-0 a5 8. a4 dxe4 9. Nxe4 Be7 10. Rd1 Nbd7 11. d4 Nxe4 12. Qxe4 0-0 13. c3 Qb6 14. Bd3 Nf6 15. Qe2 Rfd8 16. Bg5 h6 17. Bf4 c5 18. Be5 Nd7 19. Qe4 Nf6 20. Bxf6 Bxf6 21. dxc5 Qxc5 22. Qh7+ Kf8 23. Bb5 b6 24. g3 Rac8 25. h4 Ke7 26. Qe4 Qe5 27. Qb7+ Qc7 28. Qf3 Be5 29. Kg2 Rd6 30. Rxd6 Bxd6 31. Rd1 Rd8 32. Rd3 Rc8 33. Qg4 Kf8 34. Qe4 Rd8 35. Qh7 Be5 36. Qh8+ Ke7 37. Qxd8+ 1/2-1/2

[Event "Warsaw Independence Rapid op"]
[Site "Warsaw"]
[Date "2024.11.11"]
[Round "5"]
[White "Dalkowski, Rafal"]
[Black "Niezhentsev, Kyrylo"]
[Result "1/2-1/2"]
[WhiteElo "2109"]
[BlackElo "2093"]
[PlyCount "91"]
[EventDate "2024.11.11"]
[EventType "swiss (rapid)"]
[EventRounds "9"]
[EventCountry "POL"]
[SourceTitle "CB47_2024"]
[SourceDate "2024.11.20"]
[SourceVersion "1"]
[SourceVersionDate "2024.11.20"]
[SourceQuality "1"]

1. d4 Nf6 2. c4 e6 3. Nf3 b6 4. g3 Ba6 5. Qc2 c5 6. d5 exd5 7. cxd5 Bb7 8. Bg2 Nxd5 9. 0-0 Be7 10. Rd1 Nc6 11. Qf5 Nf6 12. Nc3 0-0 13. e4 g6 14. Qf4 d6 15. b3 Nh5 16. Qd2 Bf6 17. Bb2 Nd4 18. Nxd4 Bxd4 19. Nb5 Bxb2 20. Qxb2 Qf6 21. Qxf6 Nxf6 22. Nxd6 Bc6 23. e5 Bxg2 24. Kxg2 Ng4 25. Rd5 Rad8 26. Rad1 h5 27. h3 Nh6 28. a4 Rd7 29. Ne4 Rxd5 30. Rxd5 Nf5 31. Rd7 Nd4 32. Rxa7 Nxb3 33. Rb7 Na5 34. Rxb6 Nc4 35. Rc6 Nxe5 36. Rxc5 Nd3 37. Rc7 Ra8 38. Nd6 f5 39. Rc4 Nb2 40. Rc6 Rxa4 41. Ne8 Kf7 42. Nd6+ Kg8 43. Rc3 Rd4 44. Nb5 Rd5 45. Nc7 Rd2 46. Rf3 1/2-1/2

[Event "Warsaw Independence Rapid op"]
[Site "Warsaw"]
[Date "2024.11.11"]
[Round "8"]
[White "Przedmojski, Rafal"]
[Black "Dalkowski, Rafal"]
[Result "1/2-1/2"]
[WhiteElo "2357"]
[BlackElo "2109"]
[PlyCount "199"]
[EventDate "2024.11.11"]
[EventType "swiss (rapid)"]
[EventRounds "9"]
[EventCountry "POL"]
[SourceTitle "CB47_2024"]
[SourceDate "2024.11.20"]
[SourceVersion "1"]
[SourceVersionDate "2024.11.20"]
[SourceQuality "1"]

1. g3 d5 2. Bg2 Nf6 3. Nf3 e6 4. 0-0 Be7 5. c4 0-0 6. d4 c6 7. Nc3 b6 8. Nd2 Ba6 9. b3 b5 10. c5 Nbd7 11. b4 e5 12. Nb3 e4 13. Na5 Qc8 14. a4 bxa4 15. Qxa4 Bb7 16. Bg5 h6 17. Bxf6 Nxf6 18. e3 a6 19. Rfb1 h5 20. Bf1 h4 21. Nxb7 Qxb7 22. Bxa6 Qd7 23. Qd1 Ng4 24. Be2 f5 25. b5 cxb5 26. Rxa8 Rxa8 27. Qb3 Rd8 28. Qxb5 hxg3 29. hxg3 Qe6 30. Qb6 Qf7 31. Qc7 Nf6 32. Rb7 Re8 33. Nb5 Qg6 34. Qc6 f4 35. exf4 e3 36. Qe6+ Kf8 37. Nc7 exf2+ 38. Kg2 Rd8 39. Qe3 Ne4 40. Rb6 Qf5 41. Ne6+ Kf7 42. Nxd8+ Bxd8 43. Rb7+ Kg8 44. Bd3 Qc8 45. Rb1 Qc6 46. Bxe4 dxe4 47. Kxf2 Bf6 48. Rd1 Qd5 49. Kg2 Qa2+ 50. Rd2 Qd5 51. Kf2 Kf8 52. Qc3 Qh5 53. Qe3 Qh2+ 54. Ke1 Qh1+ 55. Ke2 Qg2+ 56. Kd1 Qf1+ 57. Kc2 Qc4+ 58. Qc3 Qa2+ 59. Kc1 Qd5 60. Kb2 e3 61. Qxe3 Qxc5 62. Qc3 Qb6+ 63. Ka2 Qe6+ 64. Qb3 Qe1 65. Rc2 Bxd4 66. Rc8+ Ke7 67. Qb7+ Kf6 68. Rf8+ Kg6 69. Qf7+ Kh7 70. Qf5+ g6 71. Qd7+ Bg7 72. Rf7 Qa1+ 73. Kb3 Qc3+ 74. Ka4 Qc4+ 75. Ka5 Qc5+ 76. Ka6 Qc4+ 77. Kb6 Qb4+ 78. Kc7 Qa5+ 79. Kc8 Qa8+ 80. Kc7 Qa5+ 81. Kd6 Qb4+ 82. Kc6 Qa4+ 83. Kb6 Qb4+ 84. Ka7 Qc5+ 85. Kb8 Qb6+ 86. Qb7 Qd8+ 87. Ka7 Qa5+ 88. Qa6 Qc5+ 89. Qb6 Qa3+ 90. Kb8 Qxg3 91. Qb7 Qc3 92. Rc7 Qa1 93. Qb3 Qf6 94. Qh3+ Kg8 95. Rc8+ Bf8 96. Qb3+ Kh7 97. Rc7+ Bg7 98. Qh3+ Kg8 99. Qd7 Kh7 100. Qh3+ 1/2-1/2

[Event "Wroclaw op-A"]
[Site "Wroclaw"]
[Date "2024.08.12"]
[Round "7"]
[White "Dalkowski, Rafal"]
[Black "Jarmula, Lukasz"]
[Result "0-1"]
[WhiteElo "2102"]
[BlackElo "2433"]
[PlyCount "76"]
[EventDate "2024.08.08"]
[EventType "swiss"]
[EventRounds "9"]
[EventCountry "POL"]
[SourceTitle "EXT 2025"]
[Source "ChessBase"]
[SourceDate "2024.10.14"]
[SourceVersion "1"]
[SourceVersionDate "2024.10.14"]
[SourceQuality "1"]

1. Nf3 d6 2. d4 Nf6 3. Bg5 Ne4 4. Bh4 c6 5. Nbd2 Nxd2 6. Qxd2 Qb6 7. c4 g6 8. e3 Bg7 9. Be2 Nd7 10. 0-0 Nf6 11. b4 0-0 12. c5 Qc7 13. Qc2 a6 14. e4 d5 15. Bxf6 Bxf6 16. e5 Bg7 17. Nd2 f6 18. f4 Bd7 19. a4 Rf7 20. Bd3 Raf8 21. Nb3 Bh6 22. Qe2 Qc8 23. Rae1 Bg4 24. Qc2 fxe5 25. fxe5 Rxf1+ 26. Bxf1 Qf5 27. Bd3 Qh5 28. Nd2 Qh4 29. g3 Qh3 30. Nf1 Bf3 31. Ne3 Be4 32. Ng2 Bxg2 33. Qxg2 Qg4 34. Qb2 Rf3 35. Be2 Rxg3+ 36. hxg3 Qxg3+ 37. Kh1 Qh3+ 38. Kg1 Be3# 0-1

[Event "Wroclaw op-A"]
[Site "Wroclaw"]
[Date "2024.08.09"]
[Round "2"]
[White "Villa, Giorgio"]
[Black "Dalkowski, Rafal"]
[Result "0-1"]
[WhiteElo "2014"]
[BlackElo "2102"]
[PlyCount "40"]
[EventDate "2024.08.08"]
[EventType "swiss"]
[EventRounds "9"]
[EventCountry "POL"]
[SourceTitle "EXT 2025"]
[Source "ChessBase"]
[SourceDate "2024.10.14"]
[SourceVersion "1"]
[SourceVersionDate "2024.10.14"]
[SourceQuality "1"]

1. d4 Nf6 2. c4 c5 3. d5 b5 4. cxb5 a6 5. Nc3 axb5 6. e4 b4 7. Nb5 d6 8. Bc4 e5 9. dxe6 Bxe6 10. Bxe6 fxe6 11. e5 dxe5 12. Qe2 Nc6 13. Nf3 Bd6 14. Be3 0-0 15. Rd1 Nd5 16. 0-0 Be7 17. Qc4 Qb6 18. Bg5 Rxf3 19. Bxe7 Rf4 20. Qxc5 Ncxe7 0-1

[Event "Suwalki Warakomska Memorial 8th"]
[Site "Suwalki"]
[Date "2024.07.20"]
[Round "4"]
[White "Dalkowski, Rafal"]
[Black "Karwowski, Kacper"]
[Result "1/2-1/2"]
[WhiteElo "2101"]
[BlackElo "2155"]
[PlyCount "74"]
[EventDate "2024.07.18"]
[EventType "swiss"]
[EventRounds "9"]
[EventCountry "POL"]
[SourceTitle "EXT 2025"]
[Source "ChessBase"]
[SourceDate "2024.10.14"]
[SourceVersion "1"]
[SourceVersionDate "2024.10.14"]
[SourceQuality "1"]

1. d4 d5 2. Nf3 e6 3. Bg5 Be7 4. Bxe7 Qxe7 5. Nbd2 Nf6 6. e3 0-0 7. Bd3 Nbd7 8. 0-0 e5 9. dxe5 Nxe5 10. Nxe5 Qxe5 11. c3 b6 12. a4 Bb7 13. a5 c5 14. Re1 Rfd8 15. Qa4 Rac8 16. Nf3 Qc7 17. Bf5 Ra8 18. Qh4 Rd6 19. e4 dxe4 20. Ng5 h6 21. Nxe4 Bxe4 22. Bxe4 Rad8 23. Bf3 Rd2 24. b4 cxb4 25. Qxb4 Rc8 26. axb6 axb6 27. h3 Qc5 28. Qxc5 Rxc5 29. Rab1 b5 30. Rb3 g5 31. Reb1 Rc2 32. Rxb5 R2xc3 33. Rxc5 Rxc5 34. Rb4 h5 35. g3 Kg7 36. Kg2 Re5 37. Ra4 Rc5 1/2-1/2

[Event "Warsaw Najdorf Memorial op-A"]
[Site "Warsaw"]
[Date "2024.07.13"]
[Round "5"]
[White "Bar, Klaudia"]
[Black "Dalkowski, Rafal"]
[Result "0-1"]
[WhiteElo "1982"]
[BlackElo "2101"]
[PlyCount "70"]
[EventDate "2024.07.09"]
[EventType "swiss"]
[EventRounds "9"]
[EventCountry "POL"]
[SourceTitle "EXT 2025"]
[Source "ChessBase"]
[SourceDate "2024.10.14"]
[SourceVersion "1"]
[SourceVersionDate "2024.10.14"]
[SourceQuality "1"]

1. e4 c6 2. d4 d5 3. e5 Bf5 4. Nc3 e6 5. g4 Bg6 6. Nge2 h5 7. Nf4 Bh7 8. Nxh5 c5 9. Be3 Nc6 10. Bb5 Qc7 11. f4 0-0-0 12. Bxc6 Qxc6 13. Qe2 Qb6 14. 0-0-0 c4 15. Rdf1 Ne7 16. Qd2 Qa6 17. a4 Nc6 18. f5 b5 19. Kd1 bxa4 20. Ke2 Bb4 21. Nxg7 Rdg8 22. f6 Be4 23. Rhg1 Rxh2+ 24. Rf2 Rh3 25. g5 Bg6 26. Rf3 Rxf3 27. Kxf3 Qa5 28. Ra1 a3 29. Ra2 axb2 30. Rxa5 Bxa5 31. Qd1 Bxc3 32. Kf4 Nb4 33. Nxe6 fxe6 34. Qg4 Kd7 35. f7 Rf8 0-1

[Event "Warsaw Najdorf Memorial op-A"]
[Site "Warsaw"]
[Date "2024.07.09"]
[Round "1"]
[White "Dalkowski, Rafal"]
[Black "Zaninotto, Franco"]
[Result "1-0"]
[WhiteElo "2101"]
[BlackElo "1961"]
[PlyCount "89"]
[EventDate "2024.07.09"]
[EventType "swiss"]
[EventRounds "9"]
[EventCountry "POL"]
[SourceTitle "EXT 2025"]
[Source "ChessBase"]
[SourceDate "2024.10.14"]
[SourceVersion "1"]
[SourceVersionDate "2024.10.14"]
[SourceQuality "1"]

1. d4 Nf6 2. c4 e6 3. Nf3 d5 4. Nc3 c5 5. e3 Nc6 6. a3 dxc4 7. Bxc4 a6 8. 0-0 b5 9. Ba2 Bb7 10. Qe2 cxd4 11. Rd1 b4 12. Nxd4 Qc7 13. axb4 Bxb4 14. e4 Nxd4 15. Rxd4 Bd6 16. h3 0-0 17. Bg5 h6 18. Rc4 Qb8 19. Be3 Rc8 20. Bd4 Bh2+ 21. Kf1 Be5 22. Rxc8+ Bxc8 23. Rd1 Bb7 24. Bb6 Qe8 25. Bd4 Qb8 26. Bb6 Qe8 27. Bd4 Qb8 28. Kg1 Qc7 29. Bxe5 Qxe5 30. Qe3 Rc8 31. f4 Qc7 32. e5 Nd5 33. Bxd5 Bxd5 34. Nxd5 exd5 35. Rxd5 Rd8 36. Rc5 Qb6 37. b3 Qb7 38. Kh2 g6 39. e6 fxe6 40. Qxe6+ Qf7 41. Qe5 Rf8 42. Rc6 Qxf4+ 43. Qxf4 Rf7 44. Qf5 Rxf5 45. Rxg6+ 1-0